00710nam a2200241 a 4500001001300000003000900013005001700022008004100039020001000080082001500090100002000105245007900125260003800204300000900242500003500251505001000286650002700296700002000323902000800343942000700351952009500358999001500453nice12345678IN_TiNIC20260116012001.0050524s1930 lona grp 000 0 eng  ac10000a232.9bNAS aNaschiwin, Iwan aCertain Jesusb the Gospel According to Thomas, Historical Novel of the 1s aLondonbVictor Gollancz Ltdc1930 a480p aincludes index and biblioraphy2 aIndex aJesus Christ-Biography1 aNaschiwin, Iwan bSRS cBK 00104070aHMIbHMId2007-06-18g100.00l0o232.9 NASp7836r2007-06-18w2026-01-16yARB c5164d5164